| 000 | 00639nam a2200205Ia 4500 | ||
|---|---|---|---|
| 005 | 20250416131923.0 | ||
| 008 | 240825s9999 xx 000 0 und d | ||
| 020 |
_a9781526408419 _qpbk |
||
| 041 | _aeng | ||
| 082 |
_a370.114 _bCAR |
||
| 100 | _aCarroll, Joy | ||
| 245 | 0 |
_aUnderstanding British Values In Primary Schools _c/ Joy Carroll; Colin Howard; Bridget Knight |
|
| 250 | _a1st edition | ||
| 260 |
_bLondon: Sage Publications _c2018. |
||
| 300 | _a114 pages, 22cm. | ||
| 650 | _aValues Study and teaching (Primary) | ||
| 650 | _aMoral education (Primary) | ||
| 700 | _aHoward, Colin; Knight, Bridget . | ||
| 942 | _cENGLISH | ||
| 999 |
_c547645 _d547645 |
||